000 01087cab a2200241 4500
001 WB3512-01
008 090401t1999 xxu||||| |||| 00| 0 eng d
035 _a(Sirsi) u92309
041 _aeng
245 _aLandmark adjudication ruling
260 _c1999
350 _a0
490 _aBuilding
_v264(8079) 19 March 1999, 9(1)
520 _aDiscusses the implications of a ruling in an adjudication case between Outwing Construction and H Randell & Son. The judge ruled that time limits for enforcing adjudicators' decisions through the courts can be reduced to ensure speedier compliance and that a company can recover costs incurred if it has to resort to the courts to enforce payment.
650 _aMANAGEMENT-DISPUTE AVOIDANCE, MANAGEMENT AND RESOLUTION-DISPUTE MANAGEMENT AND RESOLUTION-ALTERNATIVE DISPUTE RESOLUTION-ADJUDICATION
650 _aFAST TRACK
650 _aLEGAL COSTS
650 _aOUTWING CONSTRUCTION LTD V H RANDALL AND SONS LTD
650 _aTIME LIMITS
690 _aBUILT ENVIRONMENT-BUILDING CONTRACT FORMS
942 _n0
948 _c23/03/1999
999 _c58531
_d58531